[Event "Lesnica Pieniny op"]
[Site "Lesnica"]
[Date "2024.03.24"]
[Round "7"]
[White "Gay, Lukas"]
[Black "Hurtuk, Radovan"]
[Result "1/2-1/2"]
[WhiteElo "1903"]
[BlackElo "2019"]
[PlyCount "64"]
[EventDate "2024.03.21"]
[EventType "swiss"]
[EventRounds "7"]
[EventCountry "SVK"]
[SourceTitle "CB13_2024"]
[SourceDate "2024.03.27"]
[SourceVersion "1"]
[SourceVersionDate "2024.03.27"]
[SourceQuality "1"]

1. e4 c5 2. Nf3 d6 3. Bb5+ Nc6 4. 0-0 Bd7 5. c3 g6 6. h3 Bg7 7. Re1 a6 8. Ba4 b5 9. Bc2 Nf6 10. d4 cxd4 11. cxd4 0-0 12. a4 Nb4 13. Bb3 d5 14. e5 Ne4 15. Nc3 Bf5 16. Nh4 Nxc3 17. bxc3 Nd3 18. Nxf5 Nxe1 19. Nxg7 Kxg7 20. Qxe1 Qd7 21. Qe3 Rfc8 22. Qh6+ Kh8 23. Bd2 Rd8 24. Bc2 Rac8 25. Re1 b4 26. Bg5 Rc6 27. a5 Qe6 28. Re3 Rxc3 29. Rxc3 bxc3 30. Bb3 f6 31. Bf4 Qf7 32. exf6 exf6 1/2-1/2

[Event "Ceske Budejovice op-A"]
[Site "Ceske Budejovice"]
[Date "2023.07.06"]
[Round "6"]
[White "Rybackova, Lucie"]
[Black "Hurtuk, Radovan"]
[Result "1-0"]
[WhiteElo "1770"]
[BlackElo "2007"]
[PlyCount "71"]
[EventDate "2023.07.01"]
[EventType "swiss"]
[EventRounds "9"]
[EventCountry "CZE"]
[SourceTitle "CBM 215 Extra"]
[Source "ChessBase"]
[SourceDate "2023.09.30"]
[SourceVersion "1"]
[SourceVersionDate "2023.09.30"]
[SourceQuality "1"]

1. e4 c5 2. Nf3 d6 3. Bb5+ Nc6 4. Bxc6+ bxc6 5. d4 cxd4 6. Qxd4 Qb6 7. 0-0 Ba6 8. Re1 e5 9. Qxb6 axb6 10. Be3 Nf6 11. Nbd2 Nd7 12. c4 Be7 13. a4 0-0 14. b4 f5 15. exf5 Rxf5 16. b5 Bb7 17. Nb3 d5 18. cxd5 cxd5 19. Rec1 d4 20. Rc7 Bxf3 21. Rxd7 dxe3 22. gxf3 Bh4 23. fxe3 Rxf3 24. a5 bxa5 25. b6 Raf8 26. b7 R3f6 27. Rc7 Rb6 28. Nc5 Bf2+ 29. Kh1 Bxe3 30. Nd7 Bd4 31. Rd1 a4 32. Nxb6 Bxb6 33. Rc8 Ba7 34. Rdd8 Rxd8 35. Rxd8+ Kf7 36. Ra8 1-0

[Event "Ceske Budejovice op-A"]
[Site "Ceske Budejovice"]
[Date "2023.07.05"]
[Round "5"]
[White "Hurtuk, Radovan"]
[Black "Lai, Hong Jun"]
[Result "0-1"]
[WhiteElo "2007"]
[BlackElo "1803"]
[PlyCount "104"]
[EventDate "2023.07.01"]
[EventType "swiss"]
[EventRounds "9"]
[EventCountry "CZE"]
[SourceTitle "CBM 215 Extra"]
[Source "ChessBase"]
[SourceDate "2023.09.30"]
[SourceVersion "1"]
[SourceVersionDate "2023.09.30"]
[SourceQuality "1"]

1. e4 c6 2. d4 d5 3. e5 c5 4. c3 Nc6 5. Nf3 cxd4 6. cxd4 Bg4 7. Be2 e6 8. 0-0 Nge7 9. Be3 Nf5 10. Qb3 Qd7 11. Rd1 Be7 12. Nc3 0-0 13. h3 Bxf3 14. Bxf3 Rfc8 15. Bg4 Nxe3 16. fxe3 Na5 17. Qc2 Nc4 18. Qf2 Bb4 19. Rac1 Rc7 20. b3 Nxe5 21. dxe5 Rxc3 22. Qf4 Rac8 23. Rxc3 Bxc3 24. e4 d4 25. Be2 Rc5 26. Qf3 Qc7 27. Rf1 Rxe5 28. a4 a6 29. Qf4 Rc5 30. Qg4 Qe5 31. Qf3 Rc7 32. Bc4 Qc5 33. Qg4 Qe5 34. Qh4 Rd7 35. Bd3 Bd2 36. Kh1 Qg5 37. Qf2 Qe3 38. Bc4 Qxf2 39. Rxf2 Be3 40. Rf1 d3 41. Rd1 d2 42. Kh2 Rd4 43. Kg3 Rxe4 44. Kf3 Re5 45. Bd3 Bh6 46. Be4 b6 47. Bc2 Re3+ 48. Kf2 Rc3 49. Be4 Rxb3 50. Ke2 Re3+ 51. Kxd2 Rxe4+ 52. Kc3 g6 0-1

[Event "Ceske Budejovice op-A"]
[Site "Ceske Budejovice"]
[Date "2023.07.04"]
[Round "4"]
[White "Priehoda, Vitezslav"]
[Black "Hurtuk, Radovan"]
[Result "1-0"]
[WhiteElo "2256"]
[BlackElo "2007"]
[PlyCount "65"]
[EventDate "2023.07.01"]
[EventType "swiss"]
[EventRounds "9"]
[EventCountry "CZE"]
[SourceTitle "CBM 215 Extra"]
[Source "ChessBase"]
[SourceDate "2023.09.30"]
[SourceVersion "1"]
[SourceVersionDate "2023.09.30"]
[SourceQuality "1"]

1. d4 c5 2. d5 f5 3. Nc3 Nf6 4. Bg5 Qb6 5. Bxf6 Qxf6 6. Nf3 g6 7. e3 a6 8. a4 Bg7 9. Ra3 d6 10. Be2 0-0 11. 0-0 Nd7 12. Nd2 Ne5 13. f4 Nf7 14. Nc4 e5 15. dxe6 Bxe6 16. Nd5 Qd8 17. a5 Re8 18. Rb3 Rb8 19. Rb6 Qd7 20. Bf3 h6 21. b3 Kh8 22. Qd2 Red8 23. Rd1 Rbc8 24. Kh1 Rc6 25. g3 Re8 26. Qg2 Rf8 27. Rxc6 bxc6 28. Ndb6 Qe7 29. Bxc6 g5 30. Bd5 g4 31. Bxe6 Qxe6 32. Qd5 Qf6 33. Nd7 1-0

[Event "Piestany Slovakia op-B"]
[Site "Piestany"]
[Date "2022.07.12"]
[Round "2"]
[White "Hurtuk, Radovan"]
[Black "Bochnickova, Simona"]
[Result "0-1"]
[WhiteElo "2079"]
[BlackElo "1807"]
[PlyCount "102"]
[EventDate "2022.07.11"]
[EventType "swiss"]
[EventRounds "9"]
[EventCountry "SVK"]
[SourceTitle "CBM 209 Extra"]
[Source "ChessBase"]
[SourceDate "2022.09.30"]
[SourceVersion "1"]
[SourceVersionDate "2022.09.30"]
[SourceQuality "1"]

1. e4 e5 2. Nf3 Nc6 3. Bc4 Nf6 4. d3 Be7 5. Nc3 d6 6. h3 Na5 7. Bb3 Nxb3 8. axb3 0-0 9. Bg5 Be6 10. Qd2 c5 11. g4 Qd7 12. Ne2 b5 13. Ng3 c4 14. bxc4 bxc4 15. d4 exd4 16. Nxd4 Qb7 17. 0-0 Rae8 18. Rfe1 d5 19. Bxf6 Bxf6 20. e5 Be7 21. Ngf5 Bxf5 22. Nxf5 Rd8 23. Qd4 Rd7 24. Red1 Rfd8 25. Ra5 Bf8 26. Rda1 Qb4 27. Ne3 Qb6 28. Rxd5 Qxd4 29. Rxd4 Rxd4 30. Rxa7 g6 31. Rc7 Re4 32. Nxc4 Re2 33. c3 Bg7 34. Kf1 Re4 35. f3 Rf4 36. Ke2 Re8 37. Ke3 Bxe5 38. Nxe5 Ra4 39. b4 Rxe5+ 40. Kd4 Re1 41. f4 Rh1 42. Ke5 Rxh3 43. b5 Re3+ 44. Kd5 Rxf4 45. b6 Rd3+ 46. Ke5 Rf1 47. b7 Rb1 48. c4 Rdb3 49. Kf6 Rb6+ 50. Kg5 Rxb7 51. Rc5 Kg7 0-1

[Event "Piestany Slovakia op-B"]
[Site "Piestany"]
[Date "2022.07.11"]
[Round "1"]
[White "Fizerova, Lucie"]
[Black "Hurtuk, Radovan"]
[Result "0-1"]
[WhiteElo "1651"]
[BlackElo "2079"]
[PlyCount "74"]
[EventDate "2022.07.11"]
[EventType "swiss"]
[EventRounds "9"]
[EventCountry "SVK"]
[SourceTitle "CBM 209 Extra"]
[Source "ChessBase"]
[SourceDate "2022.09.30"]
[SourceVersion "1"]
[SourceVersionDate "2022.09.30"]
[SourceQuality "1"]

1. c4 c5 2. Nc3 g6 3. g3 Bg7 4. Bg2 Nc6 5. e4 d6 6. Nge2 Nf6 7. d3 0-0 8. 0-0 a6 9. h3 Rb8 10. a4 Bd7 11. Be3 Qc8 12. Kh2 Ne5 13. Nf4 Re8 14. Rb1 b5 15. b3 Neg4+ 16. hxg4 Nxg4+ 17. Kg1 Bxc3 18. Rc1 Bg7 19. Bd2 Ne5 20. cxb5 axb5 21. d4 Ng4 22. dxc5 dxc5 23. Bb4 bxa4 24. Rxc5 Qb7 25. Nd5 axb3 26. Rc7 Qb5 27. Bh3 Be6 28. Bxg4 Bxd5 29. Bd7 Qxb4 30. Bxe8 Qxe4 31. Bxf7+ Bxf7 32. Re1 Qf5 33. g4 Qf4 34. Rexe7 b2 35. Rb7 Rxb7 36. Rxb7 Qc1 37. Rb8+ Bf8 0-1

[Event "Liptovsky Jan op"]
[Site "Liptovsky Jan"]
[Date "2022.06.26"]
[Round "7"]
[White "Hurtuk, Radovan"]
[Black "Karas, Marek"]
[Result "0-1"]
[WhiteElo "2069"]
[BlackElo "2294"]
[PlyCount "98"]
[EventDate "2022.06.23"]
[EventType "swiss"]
[EventRounds "7"]
[EventCountry "SVK"]
[SourceTitle "CBM 209 Extra"]
[Source "ChessBase"]
[SourceDate "2022.09.30"]
[SourceVersion "1"]
[SourceVersionDate "2022.09.30"]
[SourceQuality "1"]

1. e4 c5 2. Nf3 e6 3. d4 cxd4 4. Nxd4 a6 5. g3 b5 6. Bg2 Bb7 7. 0-0 Nc6 8. Be3 Qc7 9. a4 b4 10. Nxc6 Bxc6 11. a5 Nf6 12. Bb6 Qb7 13. f3 Be7 14. Nd2 0-0 15. Re1 d6 16. Nc4 d5 17. Ne5 dxe4 18. Nxc6 Qxc6 19. fxe4 Bc5+ 20. Bxc5 Qxc5+ 21. Kh1 Rfd8 22. Qe2 Qe5 23. b3 h5 24. Rad1 Rdc8 25. Rd2 Rc5 26. Qe3 Rxa5 27. Qb6 Rb8 28. Rd8+ Rxd8 29. Qxd8+ Kh7 30. Qe7 Qc3 31. Rf1 Kg6 32. h3 Ra1 33. Rxa1 Qxa1+ 34. Kh2 Qe5 35. Qxb4 h4 36. Qe1 Nh5 37. Qe2 Qxg3+ 38. Kg1 Kh6 39. Qf2 Qg5 40. c4 Nf4 41. Kh1 a5 42. Bf1 Nh5 43. Bg2 Ng3+ 44. Kh2 f6 45. c5 Qe5 46. Kg1 Qc3 47. Qf4+ Kg6 48. Qd6 Qe1+ 49. Kh2 Ne2 0-1

[Event "Liptovsky Jan op"]
[Site "Liptovsky Jan"]
[Date "2022.06.26"]
[Round "6"]
[White "Hurtuk, Radovan"]
[Black "Mirowska, Oliwia"]
[Result "1-0"]
[WhiteElo "2069"]
[BlackElo "1746"]
[PlyCount "73"]
[EventDate "2022.06.23"]
[EventType "swiss"]
[EventRounds "7"]
[EventCountry "SVK"]
[SourceTitle "CBM 209 Extra"]
[Source "ChessBase"]
[SourceDate "2022.09.30"]
[SourceVersion "1"]
[SourceVersionDate "2022.09.30"]
[SourceQuality "1"]

1. e4 d5 2. exd5 Nf6 3. d4 Nxd5 4. Nf3 g6 5. c4 Nf6 6. Nc3 Bg7 7. Be2 0-0 8. 0-0 c6 9. Bg5 Na6 10. Qd2 Bf5 11. Bh6 Qd7 12. Rad1 Rad8 13. a3 Nc7 14. Bxg7 Kxg7 15. Ne5 Qc8 16. Rfe1 Ne6 17. Qe3 c5 18. d5 Nd4 19. Rxd4 cxd4 20. Qxd4 h5 21. Qxa7 Nd7 22. Qd4 Kh7 23. Nf3 Nf6 24. b4 Qa8 25. a4 Rfe8 26. a5 Qb8 27. c5 e5 28. Qd2 Kg7 29. d6 Bg4 30. h3 e4 31. Nd4 e3 32. fxe3 Bxe2 33. Rxe2 Qc8 34. e4 Nd7 35. Nf3 Qc6 36. Qd4+ Kg8 37. Nd5 1-0

[Event "Liptovsky Jan op"]
[Site "Liptovsky Jan"]
[Date "2022.06.23"]
[Round "1.13"]
[White "Dicer, Juraj"]
[Black "Hurtuk, Radovan"]
[Result "0-1"]
[WhiteElo "1556"]
[BlackElo "2069"]
[PlyCount "46"]
[EventDate "2022.06.23"]
[EventType "swiss"]
[EventRounds "7"]
[EventCountry "SVK"]
[SourceTitle "CBM 209 Extra"]
[Source "ChessBase"]
[SourceDate "2022.09.30"]
[SourceVersion "1"]
[SourceVersionDate "2022.09.30"]
[SourceQuality "1"]

1. d4 Nf6 2. c4 g6 3. Nc3 d5 4. cxd5 Nxd5 5. e4 Nxc3 6. bxc3 Bg7 7. Nf3 c5 8. Bb5+ Nc6 9. Be3 0-0 10. 0-0 Bg4 11. Be2 Bxf3 12. Bxf3 cxd4 13. cxd4 Nxd4 14. Rb1 Nxf3+ 15. Qxf3 b6 16. Rfd1 Qc8 17. Rbc1 Qb7 18. Qg4 Rfd8 19. Rxd8+ Rxd8 20. h4 h5 21. Qg5 Qxe4 22. Rc7 Rd1+ 23. Kh2 Be5+ 0-1

[Event "Lesnica Pieniny op"]
[Site "Lesnica"]
[Date "2022.04.11"]
[Round "7"]
[White "Skreno, Vladimir"]
[Black "Hurtuk, Radovan"]
[Result "1/2-1/2"]
[WhiteElo "2101"]
[BlackElo "2016"]
[PlyCount "40"]
[EventDate "2022.04.08"]
[EventType "swiss"]
[EventRounds "7"]
[EventCountry "SVK"]
[SourceTitle "CBM 207 Extra"]
[Source "ChessBase"]
[SourceDate "2022.05.31"]
[SourceVersion "1"]
[SourceVersionDate "2022.05.31"]
[SourceQuality "1"]

1. d4 Nf6 2. Nf3 g6 3. c4 d5 4. Nc3 Bg7 5. e3 0-0 6. b4 b6 7. cxd5 Nxd5 8. Qb3 Bb7 9. Bb2 Nxc3 10. Bxc3 Nd7 11. Rd1 Nf6 12. Be2 Ne4 13. 0-0 Bd5 14. Qc2 Nxc3 15. Qxc3 Bxa2 16. Rc1 Qd6 17. e4 c5 18. bxc5 bxc5 19. Qa3 Be6 20. e5 Qd7 1/2-1/2

[Event "Lesnica Pieniny op"]
[Site "Lesnica"]
[Date "2022.04.10"]
[Round "4"]
[White "Hurtuk, Radovan"]
[Black "Nemergut, Patrik"]
[Result "1-0"]
[WhiteElo "2016"]
[BlackElo "2020"]
[PlyCount "37"]
[EventDate "2022.04.08"]
[EventType "swiss"]
[EventRounds "7"]
[EventCountry "SVK"]
[SourceTitle "CBM 207 Extra"]
[Source "ChessBase"]
[SourceDate "2022.05.31"]
[SourceVersion "1"]
[SourceVersionDate "2022.05.31"]
[SourceQuality "1"]

1. e4 e6 2. d4 d5 3. exd5 exd5 4. Nf3 Nf6 5. Bd3 Bd6 6. h3 0-0 7. Be3 Re8 8. Nc3 Bf4 9. 0-0 Bxe3 10. fxe3 Ne4 11. Bxe4 dxe4 12. Ne5 Qg5 13. Qe2 f6 14. Nxe4 Qh4 15. Rf4 Qh6 16. Ng4 Bxg4 17. Qxg4 Qg6 18. Qf3 Nc6 19. Rg4 1-0

[Event "Lesnica Pieniny op"]
[Site "Lesnica"]
[Date "2022.04.10"]
[Round "5"]
[White "Nemergut, Matej"]
[Black "Hurtuk, Radovan"]
[Result "1/2-1/2"]
[WhiteElo "2059"]
[BlackElo "2016"]
[PlyCount "82"]
[EventDate "2022.04.08"]
[EventType "swiss"]
[EventRounds "7"]
[EventCountry "SVK"]
[SourceTitle "CBM 207 Extra"]
[Source "ChessBase"]
[SourceDate "2022.05.31"]
[SourceVersion "1"]
[SourceVersionDate "2022.05.31"]
[SourceQuality "1"]

1. e4 c5 2. Nf3 d6 3. d4 cxd4 4. Nxd4 Nf6 5. Nc3 a6 6. g3 e5 7. Nde2 Be7 8. Bg2 0-0 9. 0-0 Nc6 10. Nd5 Nxd5 11. exd5 Nb8 12. f4 Nd7 13. Be3 Nf6 14. fxe5 Ng4 15. Qd2 Nxe5 16. Bd4 Bf6 17. b3 g6 18. c4 Bg7 19. Rae1 Bf5 20. Nf4 Rc8 21. h3 Re8 22. g4 Bd7 23. Qf2 Qg5 24. Nd3 f5 25. Bxe5 dxe5 26. Nc5 Rxc5 27. Qxc5 fxg4 28. hxg4 Bxg4 29. Qe3 Qh4 30. Qf2 Qe7 31. d6 Qd7 32. Bd5+ Kh8 33. Qf7 Qd8 34. c5 Bh3 35. Bg2 Bxg2 36. Kxg2 Qg5+ 37. Kh3 Qh5+ 38. Kg2 Qg4+ 39. Kh2 Qh4+ 40. Kg2 Qg4+ 41. Kh2 Qh4+ 1/2-1/2

[Event "SVK-chT2D 1920"]
[Site "Slovakia"]
[Date "2019.12.15"]
[Round "6.4"]
[White "Sabol, Peter"]
[Black "Hurtuk, Radovan"]
[Result "1/2-1/2"]
[WhiteElo "1810"]
[BlackElo "2028"]
[PlyCount "128"]
[EventDate "2019.10.26"]
[EventType "team-tourn"]
[EventRounds "11"]
[EventCountry "SVK"]
[SourceTitle "CBM 194 Extra"]
[Source "ChessBase"]
[SourceDate "2020.03.31"]
[SourceVersion "1"]
[SourceVersionDate "2020.03.31"]
[SourceQuality "1"]
[WhiteTeam "Margecany"]
[BlackTeam "Kezmarok"]
[WhiteTeamCountry "SVK"]
[BlackTeamCountry "SVK"]

1. e4 c5 2. Nf3 d6 3. d4 cxd4 4. Nxd4 Nf6 5. Nc3 a6 6. Be2 e5 7. Nb3 Be6 8. Be3 Be7 9. 0-0 Nbd7 10. Rc1 Rc8 11. Qd2 0-0 12. f3 Nb6 13. Kh1 Nc4 14. Bxc4 Rxc4 15. Rfd1 Qc7 16. Qf2 Nd7 17. Nd2 Rc6 18. Nb3 f5 19. Qd2 fxe4 20. Nxe4 d5 21. Ng5 Bxg5 22. Bxg5 Rf5 23. Bh4 Rh5 24. Bg3 Bf7 25. Qf2 Rch6 26. Nd2 Qc6 27. Nf1 Nf6 28. c3 e4 29. Bf4 exf3 30. Qxf3 Ne4 31. Bxh6 Rxh6 32. Qe3 Qf6 33. Rc2 Qh4 34. g3 Qh3 35. Rg2 Rf6 36. Kg1 Qg4 37. Re1 Ng5 38. Kh1 Bg6 39. Nd2 Re6 40. Qf2 Ne4 41. Nxe4 Bxe4 42. Kg1 Bxg2 43. Rxe6 Qxe6 44. Kxg2 g6 45. Qf3 Kg7 46. Qd3 g5 47. h3 h5 48. Qd4+ Kg6 49. Qf2 g4 50. hxg4 hxg4 51. Qf4 Qe2+ 52. Qf2 Qe4+ 53. Kg1 Qb1+ 54. Kg2 Qxa2 55. Qb6+ Kf5 56. Qxb7 Ke4 57. Qh7+ Ke3 58. Qc2 a5 59. Qf2+ Kd3 60. Qf5+ Kd2 61. Qxg4 Qxb2 62. Qd4+ Ke1+ 63. Kh3 Qd2 64. Qg1+ Ke2 1/2-1/2

[Event "SVK-chT2D 1920"]
[Site "Slovakia"]
[Date "2019.10.27"]
[Round "2.6"]
[White "Hurtuk, Radovan"]
[Black "Zavadsky, Peter1111"]
[Result "0-1"]
[WhiteElo "2028"]
[BlackElo "1933"]
[PlyCount "60"]
[EventDate "2019.10.26"]
[EventType "team-tourn"]
[EventRounds "11"]
[EventCountry "SVK"]
[SourceTitle "CBM 193 Extra"]
[Source "ChessBase"]
[SourceDate "2020.01.31"]
[SourceVersion "1"]
[SourceVersionDate "2020.01.31"]
[SourceQuality "1"]
[WhiteTeam "Kezmarok"]
[BlackTeam "Kosice Slavia TU IV"]
[WhiteTeamCountry "SVK"]
[BlackTeamCountry "SVK"]

1. e4 c5 2. Nf3 d6 3. d4 cxd4 4. Nxd4 Nf6 5. Nc3 Nc6 6. Bc4 e5 7. Nf3 Be7 8. h3 0-0 9. Bg5 Be6 10. Bb3 Qd7 11. Qd2 a6 12. 0-0-0 Rfd8 13. g4 b5 14. Bxf6 Bxf6 15. Nd5 Bxd5 16. Qxd5 g6 17. g5 Bg7 18. h4 Rac8 19. h5 Nd4 20. Nxd4 exd4 21. hxg6 hxg6 22. e5 dxe5 23. Qe4 Qc6 24. Qh4 a5 25. Rd3 a4 26. Rdh3 Kf8 27. Qg3 axb3 28. Qxb3 Qc4 29. Qa3+ b4 30. Qa4 d3 0-1

[Event "Stara Lubovna op"]
[Site "Stara Lubovna"]
[Date "2017.05.06"]
[Round "3"]
[White "Orosi, Peter"]
[Black "Hurtuk, Radovan"]
[Result "1-0"]
[WhiteElo "2094"]
[BlackElo "1970"]
[PlyCount "149"]
[EventDate "2017.05.05"]
[EventType "swiss"]
[EventRounds "7"]
[EventCountry "SVK"]
[SourceTitle "CBM 178 Extra"]
[Source "ChessBase"]
[SourceDate "2017.06.22"]
[SourceVersion "1"]
[SourceVersionDate "2017.06.22"]
[SourceQuality "1"]

1. e4 c5 2. c3 e6 3. d4 d5 4. exd5 Qxd5 5. Nf3 Nc6 6. Be2 cxd4 7. cxd4 Bb4+ 8. Nc3 Nf6 9. 0-0 Qd8 10. Bg5 0-0 11. Bd3 Be7 12. a3 b6 13. Qe2 Bb7 14. Rad1 Nd5 15. Qe4 g6 16. Qh4 Re8 17. Nxd5 exd5 18. Rfe1 f6 19. Bxf6 Bxf6 20. Rxe8+ Qxe8 21. Qxf6 Qf7 22. Qxf7+ Kxf7 23. Bb5 Ne7 24. Ng5+ Kg7 25. Re1 Nf5 26. Bd3 h6 27. Bxf5 hxg5 28. Bd3 Kf6 29. f3 Rc8 30. Re2 Rc1+ 31. Kf2 Rc7 32. Ke3 Bc8 33. Rc2 Re7+ 34. Kf2 Bb7 35. b4 Rf7 36. Bb5 a6 37. Bd3 Re7 38. Re2 Rc7 39. Rc2 Re7 40. a4 Rf7 41. Re2 Rc7 42. Ke3 Bc8 43. Kd2 Bb7 44. Re8 Bc6 45. Rg8 Rg7 46. Rxg7 Kxg7 47. a5 b5 48. Ke3 Kf6 49. g4 Bd7 50. Be2 Ke6 51. f4 Kf6 52. h4 gxh4 53. g5+ Ke7 54. Bf3 Kd6 55. Kf2 Bh3 56. Kg1 Ke6 57. Be2 Kf7 58. Bd3 Bd7 59. Kh2 Bc8 60. Bf1 Bg4 61. Bd3 Bd7 62. Bf1 Bg4 63. Bh3 Bxh3 64. Kxh3 Ke6 65. Kxh4 Kf5 66. Kg3 Ke4 67. Kg4 Kxd4 68. f5 gxf5+ 69. Kxf5 Kc3 70. g6 d4 71. g7 d3 72. g8Q Kxb4 73. Qd5 Kc3 74. Ke4 d2 75. Ke3 1-0

[Event "SVK-chT1E 1617"]
[Site "Slovakia"]
[Date "2016.10.15"]
[Round "1.5"]
[White "Ferkova, Dominika"]
[Black "Hurtuk, Radovan"]
[Result "1-0"]
[WhiteElo "1917"]
[BlackElo "2008"]
[PlyCount "77"]
[EventDate "2016.10.15"]
[EventType "team-tourn"]
[EventRounds "11"]
[EventCountry "SVK"]
[SourceTitle "CBM 175 Extra"]
[Source "ChessBase"]
[SourceDate "2016.12.12"]
[SourceVersion "1"]
[SourceVersionDate "2016.12.12"]
[SourceQuality "1"]
[WhiteTeam "Bardejov"]
[BlackTeam "Kezmarok"]
[WhiteTeamCountry "SVK"]
[BlackTeamCountry "SVK"]

1. d4 Nf6 2. c4 g6 3. Nc3 d5 4. cxd5 Nxd5 5. e4 Nxc3 6. bxc3 Bg7 7. Nf3 c5 8. Bc4 Nc6 9. Be3 Qa5 10. Bd2 0-0 11. 0-0 Bg4 12. d5 Ne5 13. Be2 Bxf3 14. gxf3 Qc7 15. c4 Nd7 16. Rb1 Be5 17. Qc1 Bxh2+ 18. Kg2 Be5 19. Bh6 Rfd8 20. Rh1 b6 21. f4 Bh8 22. e5 Rab8 23. Bg4 Nf8 24. Qe3 b5 25. Bxf8 Kxf8 26. Rxh7 Bg7 27. Qh3 e6 28. d6 Rxd6 29. exd6 Qxd6 30. Rxb5 Rd8 31. Rb7 Kg8 32. Rh4 a5 33. Qf3 Qd2 34. Rh1 Qxa2 35. Rb5 Qxc4 36. Rxa5 Rd3 37. Qa8+ Bf8 38. Rh8+ Kxh8 39. Qxf8+ 1-0

[Event "SVK-chT2D 1516"]
[Site "Slovakia"]
[Date "2015.10.18"]
[Round "2.5"]
[White "Fedorko, Martin"]
[Black "Hurtuk, Radovan"]
[Result "1-0"]
[WhiteElo "2050"]
[BlackElo "2023"]
[PlyCount "72"]
[EventDate "2015.10.17"]
[EventType "team-tourn"]
[EventRounds "11"]
[EventCountry "SVK"]
[SourceTitle "CBM 169 Extra"]
[Source "ChessBase"]
[SourceDate "2015.12.18"]
[SourceVersion "1"]
[SourceVersionDate "2015.12.18"]
[SourceQuality "1"]
[WhiteTeam "Kosice Slavia IV"]
[BlackTeam "Spisska Stara Ves"]
[WhiteTeamCountry "SVK"]
[BlackTeamCountry "SVK"]

1. e4 c5 2. Nf3 d6 3. d4 cxd4 4. Nxd4 Nf6 5. Nc3 a6 6. Be3 e5 7. Nb3 Be6 8. Be2 Nbd7 9. 0-0 Rc8 10. f3 Be7 11. Nd5 Nxd5 12. exd5 Bf5 13. c4 Bg6 14. Kh1 0-0 15. Nd2 Nc5 16. b4 Nd3 17. Qb3 Nf4 18. Bxf4 exf4 19. Bd3 Bf6 20. Rae1 b5 21. Bxg6 fxg6 22. Re4 g5 23. a4 h5 24. a5 Be5 25. c5 g4 26. Rxe5 dxe5 27. d6+ Kh8 28. Ne4 g3 29. h3 Qd7 30. Qd5 Rf5 31. Rc1 Rc6 32. Nc3 g5 33. Re1 g4 34. Rxe5 Rxe5 35. Qxe5+ Qg7 36. Qxg7+ Kxg7 1-0

[Event "Oravska Priehrada op"]
[Site "Oravska Priehrada"]
[Date "2015.08.23"]
[Round "7"]
[White "Hurtuk, Radovan"]
[Black "Hrnciar, Roman"]
[Result "0-1"]
[WhiteElo "1956"]
[BlackElo "2056"]
[PlyCount "64"]
[EventDate "2015.08.21"]
[EventType "swiss"]
[EventRounds "7"]
[EventCountry "SVK"]
[SourceTitle "EXT 2016"]
[Source "ChessBase"]
[SourceDate "2015.10.08"]
[SourceVersion "1"]
[SourceVersionDate "2015.10.08"]
[SourceQuality "1"]

1. e4 c5 2. Nf3 Nc6 3. d4 cxd4 4. Nxd4 d6 5. Nc3 Nf6 6. Bc4 Qb6 7. Nb3 g6 8. 0-0 Bg7 9. Bg5 Qd8 10. Qe2 0-0 11. Rad1 Ne5 12. Bd3 Be6 13. h3 Rc8 14. f4 Nc4 15. f5 Nxb2 16. fxe6 Rxc3 17. exf7+ Rxf7 18. Rb1 Nxd3 19. cxd3 e5 20. d4 Qc8 21. dxe5 dxe5 22. Qb5 Qe6 23. Bxf6 Bxf6 24. Nc5 Qxa2 25. Nd7 Qe6 26. Rbd1 Rc7 27. Nc5 Qc6 28. Qxc6 Rxc6 29. Nd7 Kg7 30. Nb8 Rc4 31. Nd7 Rc7 32. Nb8 Bh4 0-1

[Event "SVK-ch Amateurs"]
[Site "Stara Lubovna"]
[Date "2015.05.07"]
[Round "2"]
[White "Konak, Jan"]
[Black "Hurtuk, Radovan"]
[Result "1/2-1/2"]
[WhiteElo "2109"]
[BlackElo "1967"]
[PlyCount "132"]
[EventDate "2015.05.07"]
[EventType "swiss"]
[EventRounds "7"]
[EventCountry "SVK"]
[SourceTitle "EXT 2017"]
[Source "ChessBase"]
[SourceDate "2016.10.25"]
[SourceVersion "1"]
[SourceVersionDate "2016.10.25"]
[SourceQuality "1"]

1. d4 Nf6 2. c4 c5 3. Nf3 cxd4 4. Nxd4 e6 5. e3 Nc6 6. Nc3 Bb4 7. Nxc6 bxc6 8. Bd2 0-0 9. Bd3 a5 10. a3 Be7 11. 0-0 Ba6 12. Qe2 Qc7 13. Rfc1 Rfb8 14. Rab1 Rb3 15. Nd1 Bd6 16. f4 c5 17. Bc3 e5 18. Nf2 Rxc3 19. Rxc3 exf4 20. exf4 Bxf4 21. Ne4 Qe5 22. Nxf6+ Qxf6 23. Re1 g6 24. Qe4 Qd4+ 25. Qxd4 cxd4 26. Rc2 Be3+ 27. Kf1 Rb8 28. Rb1 Rb3 29. Ke2 d5 30. Rd1 dxc4 31. Bxc4 Bxc4+ 32. Rxc4 Rxb2+ 33. Kf3 f5 34. Rd3 g5 35. Rc5 Rf2+ 36. Kg3 Rf4 37. h3 h5 38. Rb3 Bg1 39. h4 Bf2+ 40. Kh2 Rxh4+ 41. Rh3 Rxh3+ 42. gxh3 Kg7 43. Rxf5 Be3 44. Rxa5 d3 45. Rd5 d2 46. Kg2 Kf6 47. Kf3 Ke6 48. Rd3 Bf4 49. h4 Bd6 50. hxg5 Bxa3 51. Rxd2 Kf5 52. Rd5+ Kg6 53. Kg3 Bb4 54. Kf4 Ba3 55. Rd1 Be7 56. Rd5 Ba3 57. Kg3 Bb4 58. Kf3 Ba3 59. Kg3 Bb4 60. Kh4 Be1+ 61. Kh3 Bb4 62. Re5 Bc3 63. Rd5 Bb4 64. Kg3 Be1+ 65. Kf4 Bb4 66. Rb5 Bd2+ 1/2-1/2

[Event "SVK-ch U18"]
[Site "Tatralandia"]
[Date "2015.04.21"]
[Round "5"]
[White "Kubik, Jozef"]
[Black "Hurtuk, Radovan"]
[Result "0-1"]
[WhiteElo "1620"]
[BlackElo "1941"]
[PlyCount "112"]
[EventDate "2015.04.18"]
[EventType "swiss"]
[EventRounds "9"]
[EventCountry "SVK"]
[SourceTitle "CBM 166 Extra"]
[Source "ChessBase"]
[SourceDate "2015.06.18"]
[SourceVersion "1"]
[SourceVersionDate "2015.06.18"]
[SourceQuality "1"]

1. c4 c5 2. g3 g6 3. Bg2 Nc6 4. Nc3 Bg7 5. Nf3 e6 6. e3 Nge7 7. d4 cxd4 8. exd4 d5 9. cxd5 Nxd5 10. 0-0 0-0 11. Nxd5 Qxd5 12. Be3 Qb5 13. Qc1 Rd8 14. Rd1 Bd7 15. a4 Qa6 16. Bf1 Qa5 17. Qd2 Qb4 18. Bb5 Rac8 19. Qxb4 Nxb4 20. Bxd7 Rxd7 21. Rac1 Rcd8 22. Rc4 Nc6 23. Rdc1 Bxd4 24. Nxd4 Nxd4 25. Kg2 Kg7 26. h4 Nc6 27. Rc5 Nb4 28. Rc7 Nd3 29. Rxd7 Rxd7 30. Rb1 a5 31. Kf1 Nb4 32. Ke2 Nc6 33. Rc1 Rd5 34. Rc5 Kf6 35. Rxd5 exd5 36. Bb6 Ke5 37. Kd3 d4 38. Bc7+ Kd5 39. b3 Nb4+ 40. Kd2 Na6 41. Bxa5 Nc5 42. Kc2 Ke4 43. Bb6 Nd3 44. f3+ Ke3 45. Kd1 Ne5 46. f4 Nc6 47. a5 Kd3 48. g4 Kc3 49. Ke2 d3+ 50. Kd1 Kxb3 51. h5 Kc3 52. hxg6 hxg6 53. g5 Nb4 54. Be3 Nd5 55. Bd2+ Kd4 56. Ke1 Ke4 0-1